Statistics for Regions of Greece

Click here to take the quiz!

General Stats

  • This quiz has been taken 2,440 times
  • The average score is 7 of 13

Answers on the Map

Answers color-coded by a green-red scale on the quiz's map according to % correct below.
 

Answer Stats

Region % Correct
Crete
92%
Eastern Macedonia and Thrace
75%
Attica
69%
Epirus
62%
Central Macedonia
61%
Ionian Islands
61%
Central Greece
55%
Thessaly
55%
Western Macedonia
54%
Peloponnese
47%
Western Greece
46%
Northern Aegean
31%
Southern Aegean
30%

Score Distribution

Percentile by Number Answered

Percent of People with Each Score

Your Score History

You have not taken this quiz